| 000 | 00688c a2200229 a 4500 | ||
|---|---|---|---|
| 001 | 8172 | ||
| 003 | BD-RjUL | ||
| 005 | 20211208234533.0 | ||
| 008 | 180114s1951 001 0 u | ||
| 035 | _a(BD-RjUL)8217 | ||
| 040 |
_aBD-RjUL _beng _cBD-RjUL _dBD-RjUL |
||
| 041 | _aeng | ||
| 082 |
_2338.1 _bROI |
||
| 100 | 1 |
_aRoss, Robert c. _925455 |
|
| 245 | 0 | 3 |
_aAn introduction to agricultural economics / _cEdgar Thomas |
| 260 |
_aLondon : _bThomas Nelson & Sons, _c1951. |
||
| 300 |
_aviii, 401 p. ; _c19 cm. |
||
| 490 | 0 | _aNelson's agriculture series | |
| 504 | _aincludes bibliography and index. | ||
| 650 | 0 |
_aAgriculture _xEconomic aspects _zGreat Britain _925456 |
|
| 942 |
_2ddc _cBK |
||
| 999 |
_c8172 _d8172 |
||